Catálogo
 En Linea

Conducta, capacitaciòn y valores en el trabajo : (Registro nro. 48846)

Detalles MARC
000 -CABECERA
campo de control de longitud fija 00732nam a22002057a 4500
003 - IDENTIFICADOR DEL NÚMERO DE CONTROL
campo de control OSt
005 - FECHA Y HORA DE LA ÚLTIMA TRANSACCIÓN
campo de control 20240229073828.0
008 - DATOS DE LONGITUD FIJA--INFORMACIÓN GENERAL
campo de control de longitud fija 201008b ||||| |||| 00| 0 eng d
040 ## - FUENTE DE LA CATALOGACIÓN
Centro catalogador/agencia de origen DO-SdBNP
Lengua de catalogación spa
Centro/agencia transcriptor BNPHU
082 ## - NÚMERO DE LA CLASIFICACIÓN DECIMAL DEWEY
Número de documento/Ítem R696c
100 1# - ENTRADA PRINCIPAL--NOMBRE DE PERSONA
Nombre de persona Rodrìguez, Vìctor Meliton
9 (RLIN) 76807
245 10 - MENCIÓN DE TÍTULO
Título Conducta, capacitaciòn y valores en el trabajo :
Resto del título temas complementarios de supervisiòn y disciplina. /
Mención de responsabilidad, etc. Victor Meliton Rodrìguez ; dirigida por Raymundo Amaro Guzmàn
260 ## - PUBLICACIÓN, DISTRIBUCIÓN, ETC.
Lugar de publicación, distribución, etc. Santo Domingo :
Nombre del editor, distribuidor, etc. ONAP,
Fecha de publicación, distribución, etc. 1982
300 ## - DESCRIPCIÓN FÍSICA
Extensión 276 p.
Dimensiones 23 cm
490 ## - MENCIÓN DE SERIE
Mención de serie Estudios Administrativos ;
Designación de volumen o secuencia 10
590 ## - NOTA LOCAL (RLIN)
Nota local Inventariado, 2020 / DG
700 1# - PUNTO DE ACCESO ADICIONAL--NOMBRE DE PERSONA
Nombre de persona Amaro Guzmán, Raymundo
Término indicativo de función/relación Dirigida
9 (RLIN) 656
910 ## - DATOS DE OPCIÓN DEL USUARIO (OCLC)
Datos de opción del usuario Inventariado, 2020 / DG
942 ## - ELEMENTOS DE PUNTO DE ACCESO ADICIONAL (KOHA)
Fuente del sistema de clasificación o colocación Dewey Decimal Classification
Tipo de ítem Koha Libros y folletos
Existencias
Estado de retiro Estado de pérdida Fuente del sistema de clasificación o colocación No para préstamo Localización permanente Ubicación/localización actual Ubicación en estantería Fecha de adquisición Fuente de adquisición Total de préstamos Signatura topográfica completa Fecha visto por última vez Precio válido a partir de Tipo de ítem Koha
    Dewey Decimal Classification   Biblioteca Nacional Pedro Henríquez Ureña Biblioteca Nacional Pedro Henríquez Ureña En catalogación 08.10.2020 Donato por INTEC   R696c 08.10.2020 08.10.2020 Libros y folletos

Con tecnología Koha